000 00494nam a2200181Ia 4500
005 20250508152529.0
008 008 250505s9999 xx 000 0 eng d
037 _aTextual
040 _aFEDL
_beng
_cFEDL
041 _aeng
_2eng
084 _a511, THO
_qFEDL
100 _aThompson J E
_9761714
245 0 _aArithmetic for the practical man
260 _aPrinceton
_bD Van Nostrand Company
_c1931
300 _a280p.
942 _cTEXL
_h511, THO
999 _c1337041
_d1337041